You won't want to live without electricity / (Record no. 9245)

MARC details
000 -LEADER
fixed length control field 01086nam a22003137a 4500
001 - CONTROL NUMBER
control field 9245
003 - CONTROL NUMBER IDENTIFIER
control field FISKH
005 - DATE AND TIME OF LATEST TRANSACTION
control field 20251204143444.0
008 - FIXED-LENGTH DATA ELEMENTS--GENERAL INFORMATION
fixed length control field 251204b cb ||||| |||| 00| 0 eng d
020 ## - INTERNATIONAL STANDARD BOOK NUMBER
International Standard Book Number 9780531213070
040 ## - CATALOGING SOURCE
Original cataloging agency FISKH
Language of cataloging eng
Transcribing agency FISKH
Modifying agency FISKH
050 ## - LIBRARY OF CONGRESS CALL NUMBER
Classification number QC527 .G723
082 ## - DEWEY DECIMAL CLASSIFICATION NUMBER
Classification number 333.793
100 ## - MAIN ENTRY--PERSONAL NAME
Personal name Graham , Ian
245 ## - TITLE STATEMENT
Title You won't want to live without electricity /
Statement of responsibility, etc. Written by Ian Graham : Illustrated by Rory Walker
260 ## - PUBLICATION, DISTRIBUTION, ETC.
Place of publication, distribution, etc. New York :
Name of publisher, distributor, etc. Scholastic ,
Date of publication, distribution, etc. 2015 .
300 ## - PHYSICAL DESCRIPTION
Extent 32 pages :
Other physical details color illustrations ;
Dimensions 24 cm .
490 ## - SERIES STATEMENT
Series statement You Wouldn't Want to (Live Without)
505 ## - FORMATTED CONTENTS NOTE
Formatted contents note Z <br/>
520 ## - SUMMARY, ETC.
Summary, etc. Uses humor in both text and illustrations to describe what it would be like to live without the electric power that makes modern life possible.
521 8# - TARGET AUDIENCE NOTE
Target audience note 920 <br/>
Source Lexile <br/>
521 8# - TARGET AUDIENCE NOTE
Target audience note Z <br/>
Source Raz-Plus <br/>
650 ## - SUBJECT ADDED ENTRY--TOPICAL TERM
Topical term or geographic name entry element General science
Form subdivision Non-fiction
650 ## - SUBJECT ADDED ENTRY--TOPICAL TERM
Topical term or geographic name entry element Experiments
Form subdivision Non-fiction
700 ## - ADDED ENTRY--PERSONAL NAME
Personal name Walker, Rory
Relator term Illustrator
700 ## - ADDED ENTRY--PERSONAL NAME
Personal name Salariya, David
Relator term Creator and designer
942 ## - ADDED ENTRY ELEMENTS (KOHA)
Source of classification or shelving scheme Dewey Decimal Classification
Koha item type Books
Suppress in OPAC No
Holdings
Withdrawn status Lost status Source of classification or shelving scheme Damaged status Not for loan Collection Home library Current library Shelving location Date acquired Total Checkouts Full call number Barcode Date last seen Price effective from Koha item type
    Dewey Decimal Classification     Non-Fiction Footprints International School Library Network Toul Tom Poung Campus Footprints International School Library Network Toul Tom Poung Campus TTP Secondary Non-Fiction Bookshelves 12/04/2025   GRA 333.793 QC527 .G723 2025-5023 12/04/2025 12/04/2025 Books